Top 10 States with Bigfoot Sightings Quiz Stats

 Plays Quiz not verified by Sporcle

Score 0/10 Timer 03:00
0 Plays Today
Hint Answer % Correct
433California
96.6%
620 sightingsWashington
96%
243Oregon
91.3%
307Florida
85.2%
213Texas
82.6%
266Ohio
79.9%
206Michigan
79.2%
128Georgia
69.8%
274Illinois
69.1%
130Missouri
48.3%

You're not logged in!

Compare scores with friends on all Sporcle quizzes.
OR
Log In

Sporcle TV

Today on Sporcle TV


Watch our educational content, quiz creation guides, and fun videos on Sporcle TV.

Show Comments

Extras

Top Quizzes Today


Score Distribution

Your Account Isn't Verified!

In order to create a playlist on Sporcle, you need to verify the email address you used during registration. Go to your Sporcle Settings to finish the process.

Report this User

Report this user for behavior that violates our Community Guidelines.

Details: